Trên những nẻo đường cổ tích T.2
Guardado en:
| Autor principal: | |
|---|---|
| Formato: | Libro |
| Publicado: |
H.
Phụ nữ
1987
|
| Colección: | Sách mẹ kể con nghe
|
| Materias: | |
| Etiquetas: |
Agregar Etiqueta
Sin Etiquetas, Sea el primero en etiquetar este registro!
|
| Thư viện lưu trữ: | Trung tâm Học liệu Lê Vũ Hùng, Trường Đại học Đồng Tháp |
|---|
| LEADER | 00720pam a22002298a 4500 | ||
|---|---|---|---|
| 001 | 00021386 | ||
| 005 | 20171026081023.0 | ||
| 008 | 110524s1987 ||||||Viesd | ||
| 041 | 0 | # | |a Vie |
| 082 | 1 | 4 | |a 398.2 |b TR254Nh |
| 100 | 0 | # | |a Hauph, V |
| 245 | 0 | 0 | |n T.2 |a Trên những nẻo đường cổ tích |c V.Hauph |
| 260 | # | # | |a H. |b Phụ nữ |c 1987 |
| 300 | # | # | |a 271 tr. |c 19 cm. |
| 490 | # | # | |a Sách mẹ kể con nghe |
| 650 | # | 4 | |a Văn học dân gian |
| 653 | # | # | |a Thế giới |
| 653 | # | # | |a Truyện cổ tích |
| 852 | # | # | |b Kho đọc |j KD.0006104 |
| 852 | # | # | |j KD.0006104 |
| 910 | 0 | # | |a Hoa Lê |d 24/05/2011 |
| 980 | # | # | |a Trung tâm Học liệu Lê Vũ Hùng, Trường Đại học Đồng Tháp |